House Price Index December 2003 (Record no. 117008)

MARC details
000 -LEADER
fixed length control field 00890cam a2200217 4500
001 - CONTROL NUMBER
control field WB4006-11
008 - FIXED-LENGTH DATA ELEMENTS--GENERAL INFORMATION
fixed length control field 040210n2004 000 0 eng u
035 ## - SYSTEM CONTROL NUMBER
System control number (Sirsi) u125096
245 ## - TITLE STATEMENT
Title House Price Index December 2003
260 ## - PUBLICATION, DISTRIBUTION, ETC.
Date of publication, distribution, etc. 2004
490 ## - SERIES STATEMENT
Series statement ODPM News Release
Volume/sequential designation (2004/0022) 9 February 2004 (3)
520 ## - SUMMARY, ETC.
Summary, etc. The ODPM figures for December 2003 show that the mix-adjusted average house price in the UK stood at £162 689, up from £159 480 in November. The UK annual house price inflation in December was 8.3%, down from 9.7% in November. Annual house price inflation in London was 3.8%, down from 5.2%. http://www.odpm.gov.uk/pns/DisplayPN.cgi?pn_id=200 4_0022
590 ## - LOCAL NOTE (RLIN)
Local note WB
590 ## - LOCAL NOTE (RLIN)
Local note WB
650 ## - SUBJECT ADDED ENTRY--TOPICAL TERM
Topical term or geographic name entry element ODPM HOUSE PRICE INDEX
650 ## - SUBJECT ADDED ENTRY--TOPICAL TERM
Topical term or geographic name entry element HOUSE PRICES
650 ## - SUBJECT ADDED ENTRY--TOPICAL TERM
Topical term or geographic name entry element HOUSE PRICE INFLATION
650 ## - SUBJECT ADDED ENTRY--TOPICAL TERM
Topical term or geographic name entry element LONDON
690 ## - LOCAL SUBJECT ADDED ENTRY--TOPICAL TERM (OCLC, RLIN)
Topical term or geographic name as entry element HOUSING-HOUSE PRICES
942 ## - ADDED ENTRY ELEMENTS (KOHA)
Suppress in OPAC 0
Holdings
Withdrawn status Lost status Source of classification or shelving scheme Damaged status Not for loan Home library Current library Shelving location Date acquired Total Checkouts Full call number Barcode Date last seen Copy number Price effective from Koha item type
    Dewey Decimal Classification     London London News article 10/02/2004   WB4006-11 125096-1001 06/08/2019 1 06/08/2019 News article